000 00778nam a2200205Ii 4500
003 JO-AjNU
008 230605s9999||||xx |||||||||||||| ||und||
040 _aJO-AjNU
_bara
_erda
_cJO-AjNU
041 _aara
050 1 4 _aPJ6131.I2622 1991
100 3 _aتحقيق جعفر القزاز، عبد الجبار؛ تقديم ابراهيم الوائلي,
_eauthor
_941995
245 0 0 _aشرح الفصيح في اللغة لأبي منصور ابن الجبّان
250 _aط1
264 3 1 _aبغداد: دار الشؤون الثقافية العامة(آفاق عربية)، 1991
300 _a406ص
336 _atext
_btxt
_2rdacontent
337 _aunmediated
_bn
_2rdamedia
338 _avolume
_bnc
_2rdacarrier
650 4 _aاللغة العربية-صرف
_941996
999 _aA17949
_c21517
_d21517